[Event "20ème Open de Saint-Affrique"]
[Site "Saint Affrique (11)"]
[Date "2012.07.26"]
[Round "7.8"]
[White "Maupin, Valerie"]
[Black "Karpatchev, Aleksandr"]
[Result "0-1"]
[WhiteElo "2024"]
[BlackElo "2431"]
[PlyCount "82"]
[EventDate "2012.??.??"]

1. d4 d5 2. c4 e6 3. Nc3 c5 4. dxc5 d4 5. Ne4 Nc6 6. g3 Nf6 7. Bg5 Be7 8. Nd6+
Bxd6 9. cxd6 Qxd6 10. Bxf6 Qb4+ 11. Qd2 gxf6 12. Bg2 Bd7 13. Nf3 O-O-O 14. O-O
Qxd2 15. Nxd2 f5 16. c5 Ne5 17. a4 Bc6 18. Bxc6 Nxc6 19. Nc4 Kb8 20. Ra3 Rd5
21. b4 Nxb4 22. Rb1 Na6 23. c6 b6 24. a5 b5 25. Nb6 axb6 26. axb6 Rc8 27. Rxa6
Rxc6 28. Kf1 Kb7 29. Ra7+ Kxb6 30. Rxf7 Rdc5 31. Ke1 Rc1+ 32. Rxc1 Rxc1+ 33.
Kd2 Rc7 34. Rf6 Rc6 35. e3 dxe3+ 36. fxe3 b4 37. Rf8 Kb5 38. e4 fxe4 39. Ke3 b3
40. Rf1 Kb4 41. Kxe4 b2 0-1

[Event "20ème Open de Saint-Affrique"]
[Site "Saint Affrique (11)"]
[Date "2012.07.26"]
[Round "7.10"]
[White "Daurelle, Herve"]
[Black "Mania, Clement"]
[Result "1/2-1/2"]
[WhiteElo "2241"]
[BlackElo "2137"]
[PlyCount "48"]
[EventDate "2012.??.??"]

1. e4 e6 2. d4 d5 3. Nc3 Nf6 4. Bg5 Be7 5. e5 Nfd7 6. Bxe7 Qxe7 7. Nb5 Nb6 8.
c3 O-O 9. f4 Bd7 10. Nf3 Bxb5 11. Bxb5 c5 12. Bd3 Nc6 13. Bxh7+ Kxh7 14. Ng5+
Kh6 15. Qg4 Rh8 16. Qh3+ Kg6 17. Qg3 Kh6 18. Qh3+ Kg6 19. Qg3 Kh6 20. dxc5 Nc4
21. Qh3+ Kg6 22. Qd3+ Kh6 23. Qh3+ Kg6 24. Qd3+ Kh6 1/2-1/2

[Event "20ème Open de Saint-Affrique"]
[Site "Saint Affrique (11)"]
[Date "2012.07.25"]
[Round "7.100"]
[White "Boyd, Christopher"]
[Black "Bonot, Bernard"]
[Result "1/2-1/2"]
[WhiteElo "1210"]
[BlackElo "1520"]
[PlyCount "102"]
[EventDate "2012.??.??"]

1. c4 g6 2. Nc3 Bg7 3. d4 Nc6 4. Nf3 d6 5. Bf4 Bg4 6. e4 Nxd4 7. Qd3 Nxf3+ 8.
gxf3 Be6 9. O-O-O Bh6 10. Nd5 c6 11. Qc3 Bxf4+ 12. Nxf4 f6 13. Nxe6 Qd7 14. Bh3
Kf7 15. Nf4 Qc7 16. Be6+ Ke8 17. c5 d5 18. Nd3 Rd8 19. e5 f5 20. Rhe1 Nh6 21.
Qd2 Nf7 22. Bxf7+ Kxf7 23. e6+ Kg7 24. Qf4 Qa5 25. Qe5+ Kg8 26. a3 Re8 27. h4
h5 28. Qg3 Kg7 29. Ne5 Qxc5+ 30. Kb1 Rh6 31. Nf7 Rh7 32. Qe5+ Kf8 33. Qd4 (33.
Rg1 Rg7 34. Rxg6 Rxg6 35. Qh8+ Rg8 36. Qh6+ Rg7 37. Rg1 Qd4 38. Qh8+ Rg8 39.
Qxg8#) 33... Qxd4 34. Rxd4 Rg7 35. Rb4 b5 36. Rc1 Rc8 37. a4 a6 38. axb5 axb5
39. Rb3 Rg8 40. Rbc3 Kg7 41. Rxc6 Rxc6 42. Rxc6 Rb8 43. Rc7 Kf6 44. Ng5 b4 45.
Rd7 Rb5 46. Rd8 b3 47. Rf8+ Ke5 48. Nf7+ Kxe6 49. Nh8 d4 50. Nxg6 Rb4 51. Nf4+
Ke5 1/2-1/2

[Event "20ème Open de Saint-Affrique"]
[Site "Saint Affrique (11)"]
[Date "2012.07.27"]
[Round "8.1"]
[White "Karpatchev, Aleksandr"]
[Black "Hamdouchi, Hicham"]
[Result "1/2-1/2"]
[WhiteElo "2431"]
[BlackElo "2627"]
[PlyCount "21"]
[EventDate "2012.??.??"]

1. e4 d6 2. d4 Nf6 3. Nc3 e5 4. dxe5 dxe5 5. Qxd8+ Kxd8 6. Bg5 Be6 7. O-O-O+
Kc8 8. f3 Nbd7 9. Nge2 a6 10. Kb1 h6 11. Bh4 1/2-1/2

[Event "20ème Open de Saint-Affrique"]
[Site "Saint Affrique (11)"]
[Date "2012.07.27"]
[Round "8.2"]
[White "Flear, Glenn C"]
[Black "Cioara, Andrei-Nestor"]
[Result "1-0"]
[WhiteElo "2476"]
[BlackElo "2484"]
[PlyCount "105"]
[EventDate "2012.??.??"]

1. d4 Nf6 2. c4 e6 3. Nc3 Bb4 4. Qc2 O-O 5. a3 Bxc3+ 6. Qxc3 b5 7. cxb5 c6 8.
Qg3 Ne4 9. Qf4 d5 10. f3 Nd6 11. Bd2 Re8 12. e3 cxb5 13. Bd3 Nc6 14. Bc3 Nc4
15. Ne2 a5 16. Kf2 Bb7 17. b4 e5 18. dxe5 N6xe5 19. Bxe5 Nxe5 20. Rhd1 axb4 21.
Qxb4 Ra4 22. Qxb5 Bc6 23. Qc5 Qf6 24. Nd4 Bd7 25. Qxd5 Rd8 26. Qe4 g6 27. Be2
Ng4+ 28. Kg1 Bf5 29. Qc6 Qe5 30. fxg4 Qxe3+ 31. Kf1 Raxd4 32. gxf5 Qf4+ 33. Qf3
Qxh2 34. g3 Qh3+ 35. Kg1 gxf5 36. Rxd4 Rxd4 37. Rd1 Re4 38. Qc3 Re8 39. Bf1 Qg4
40. Rd4 Qg5 41. Rf4 h5 42. Qf3 Re5 43. Kh2 Qe7 44. Qxh5 Qxa3 45. Qg5+ Kf8 46.
Rh4 Qb2+ 47. Kh3 Rd5 48. Bg2 Rd2 49. Ra4 Qh8+ 50. Rh4 Qb2 51. Qxf5 Rxg2 52.
Qc8+ Ke7 53. Qc5+ 1-0

[Event "20ème Open de Saint-Affrique"]
[Site "Saint Affrique (11)"]
[Date "2012.07.27"]
[Round "8.3"]
[White "Libiszewski, Fabien"]
[Black "Guichard, Pauline"]
[Result "1-0"]
[WhiteElo "2505"]
[BlackElo "2340"]
[PlyCount "71"]
[EventDate "2012.??.??"]

1. Nf3 Nf6 2. c4 e6 3. g3 d5 4. Bg2 dxc4 5. Qa4+ c6 6. Qxc4 b5 7. Qc2 Bb7 8.
O-O Be7 9. d4 Nbd7 10. Nc3 O-O 11. Rd1 Qb8 12. e4 c5 13. d5 e5 14. Be3 Bd6 15.
a4 a6 16. Bh3 b4 17. a5 Qc7 18. Nb1 Bc8 19. Nbd2 Nb8 20. Bxc8 Rxc8 21. Nc4 Nbd7
22. Nfd2 Ne8 23. Rac1 Rab8 24. Rf1 Rb5 25. Qd3 Ndf6 26. Qe2 Qe7 27. f3 Bb8 28.
Qf2 Nd6 29. Nb6 Rc7 30. Bxc5 Nfe8 31. Nb3 Qd8 32. Qd2 Ba7 33. Kh1 Nb7 34. Bxb4
Bxb6 35. axb6 Rxb6 36. Na5 1-0

[Event "20ème Open de Saint-Affrique"]
[Site "Saint Affrique (11)"]
[Date "2012.07.27"]
[Round "8.5"]
[White "Ardelean, George-Catalin"]
[Black "Manea, Alexandru"]
[Result "1/2-1/2"]
[WhiteElo "2510"]
[BlackElo "2369"]
[PlyCount "30"]
[EventDate "2012.??.??"]

1. d4 d5 2. c4 c6 3. cxd5 cxd5 4. Nc3 Nc6 5. Nf3 Nf6 6. Bf4 Bf5 7. e3 e6 8. Bd3
Bxd3 9. Qxd3 Bd6 10. Bxd6 Qxd6 11. O-O O-O 12. a3 a6 13. Rac1 Rfc8 14. Rc2 Rc7
15. Rfc1 Rac8 1/2-1/2

[Event "20ème Open de Saint-Affrique"]
[Site "Saint Affrique (11)"]
[Date "2012.07.27"]
[Round "8.6"]
[White "Riff, Jean-Noel"]
[Black "Roubaud, Alexandre"]
[Result "1-0"]
[WhiteElo "2500"]
[BlackElo "2156"]
[PlyCount "59"]
[EventDate "2012.??.??"]

1. Nf3 Nc6 2. d4 d5 3. e3 Bg4 4. Bb5 e6 5. c4 Bb4+ 6. Bd2 Bxd2+ 7. Nbxd2 Nge7
8. cxd5 Qxd5 9. Bc4 Qh5 10. h3 O-O 11. O-O Bxf3 12. Nxf3 Rfd8 13. Rc1 Nd5 14.
Be2 Qg6 15. Qb3 Rab8 16. Rfd1 a6 17. a3 f6 18. Bd3 Qf7 19. Qc2 g5 20. g3 Nde7
21. Bc4 Rd6 22. h4 h6 23. Kg2 Rbd8 24. hxg5 fxg5 25. Rh1 Rf8 26. Qe4 Nf5 27.
Rc2 Qg6 28. Bd3 Kg7 29. Ne5 Qf6 30. g4 1-0

[Event "20ème Open de Saint-Affrique"]
[Site "Saint Affrique (11)"]
[Date "2012.07.27"]
[Round "8.7"]
[White "Pruvot, Louis"]
[Black "Collas, Didier"]
[Result "1/2-1/2"]
[WhiteElo "2100"]
[BlackElo "2426"]
[PlyCount "66"]
[EventDate "2012.??.??"]

1. d4 f5 2. g3 Nf6 3. Bg2 g6 4. Nf3 Bg7 5. O-O O-O 6. Nbd2 Nc6 7. Re1 d5 8. Nb3
h6 9. c3 Ne4 10. Bf4 g5 11. Be5 Nxe5 12. Nxe5 b6 13. f3 Nd6 14. f4 e6 15. e3 a5
16. Nd2 Ba6 17. b4 c5 18. bxc5 bxc5 19. Nb3 Nb7 20. Rb1 Qc7 21. h3 a4 22. Nd2
Bxe5 23. fxe5 Bd3 24. Rc1 c4 25. Bf1 Bxf1 26. Rxf1 Na5 27. Rb1 Nc6 28. Qh5 Kg7
29. g4 Rab8 30. gxf5 exf5 31. Rxb8 Qxb8 32. Rb1 Qa7 33. Rb5 Ne7 1/2-1/2

[Event "20ème Open de Saint-Affrique"]
[Site "Saint Affrique (11)"]
[Date "2012.07.27"]
[Round "8.8"]
[White "Mania, Clement"]
[Black "Mullon, Jean-Baptiste"]
[Result "0-1"]
[WhiteElo "2137"]
[BlackElo "2404"]
[PlyCount "68"]
[EventDate "2012.??.??"]

1. f4 Nf6 2. Nf3 g6 3. g3 Bg7 4. Bg2 O-O 5. O-O d5 6. d3 Nc6 7. c3 Rb8 8. Nbd2
d4 9. Qb3 dxc3 10. bxc3 Nd5 11. Ne4 Nxc3 12. Nxc3 Nd4 13. Nxd4 Qxd4+ 14. Kh1
Qxc3 15. Qxc3 Bxc3 16. Rb1 Bg4 17. Bb2 Bxb2 18. Rxb2 b6 19. Rc1 c5 20. h3 Be6
21. d4 cxd4 22. Rc7 a5 23. Kg1 b5 24. Bb7 b4 25. Kf2 Rfd8 26. Rd2 Kf8 27. g4 a4
28. Ke1 a3 29. Be4 f5 30. gxf5 gxf5 31. Bb1 Rdc8 32. Rxc8+ Rxc8 33. Rd1 b3 34.
h4 Rc3 0-1

[Event "20ème Open de Saint-Affrique"]
[Site "Saint Affrique (11)"]
[Date "2012.07.27"]
[Round "8.9"]
[White "Carmaciu, Lucian-Catalin"]
[Black "Delorme, Laurie"]
[Result "1/2-1/2"]
[WhiteElo "2386"]
[BlackElo "2171"]
[PlyCount "55"]
[EventDate "2012.??.??"]

1. e4 e5 2. Nf3 Nc6 3. Bc4 Bc5 4. d3 Nf6 5. Bb3 a6 6. c3 Ba7 7. Nbd2 d6 8. Nf1
d5 9. exd5 Nxd5 10. Ng5 f6 11. Qf3 Nce7 12. Ne4 Be6 13. Ne3 Qd7 14. Nxd5 Nxd5
15. O-O O-O-O 16. h3 h6 17. Re1 Rhf8 18. Bd2 g5 19. d4 f5 20. Nc5 Bxc5 21. dxc5
e4 22. Qe2 Nf4 23. Bxf4 gxf4 24. Rad1 Qf7 25. Rxd8+ Rxd8 26. Rd1 Bxb3 27. Rxd8+
Kxd8 28. axb3 1/2-1/2

[Event "20ème Open de Saint-Affrique"]
[Site "Saint Affrique (11)"]
[Date "2012.07.27"]
[Round "8.10"]
[White "Degraeve, Jean-Marc"]
[Black "Sanchez, Nicolas"]
[Result "1-0"]
[WhiteElo "2580"]
[BlackElo "2168"]
[PlyCount "49"]
[EventDate "2012.??.??"]

1. e4 d6 2. d4 Nf6 3. Nc3 e5 4. Nf3 Nbd7 5. Bc4 Be7 6. O-O O-O 7. a4 c6 8. Re1
b6 9. b3 Bb7 10. Bb2 a6 11. Bd3 Re8 12. Ne2 Bf8 13. Ng3 g6 14. Qd2 b5 15. h3
exd4 16. Nxd4 Bg7 17. Rad1 Ne5 18. f4 Qb6 19. fxe5 dxe5 20. a5 Qa7 21. Qf2 exd4
22. Bxd4 Qb8 23. Rf1 Rf8 24. e5 Ne8 25. Bc5 1-0

[Event "20ème Open de Saint-Affrique"]
[Site "Saint Affrique (11)"]
[Date "2012.07.27"]
[Round "8.11"]
[White "Petrossian, Armen"]
[Black "Flear, Christine"]
[Result "1-0"]
[WhiteElo "2437"]
[BlackElo "2158"]
[PlyCount "53"]
[EventDate "2012.??.??"]

1. e4 c5 2. Nf3 e6 3. Nc3 a6 4. d4 cxd4 5. Nxd4 b5 6. Bd3 Qb6 7. Nf3 Qc7 8. O-O
Bb7 9. Re1 Be7 10. e5 f5 11. exf6 Nxf6 12. Ng5 O-O 13. Nce4 Nxe4 14. Nxe4 Nc6
15. a4 Ne5 16. axb5 Nxd3 17. Qxd3 axb5 18. Rxa8 Bxa8 19. Bd2 b4 20. c3 Bxe4 21.
Rxe4 Qa7 22. Be1 bxc3 23. Qxc3 Bc5 24. Re2 Bd4 25. Qc2 Rxf2 26. Rxf2 Bxf2+ 27.
Qxf2 1-0

[Event "20ème Open de Saint-Affrique"]
[Site "Saint Affrique (11)"]
[Date "2012.07.27"]
[Round "8.12"]
[White "Malka, Samuel"]
[Black "Milliet, Sophie"]
[Result "0-1"]
[WhiteElo "2144"]
[BlackElo "2401"]
[PlyCount "64"]
[EventDate "2012.??.??"]

1. d4 Nf6 2. Nf3 e6 3. c4 b6 4. g3 Bb7 5. Bg2 Be7 6. O-O O-O 7. Nc3 Ne4 8. Qc2
Nxc3 9. bxc3 Nc6 10. Ne5 Na5 11. Bxb7 Nxb7 12. Qa4 d6 13. Nc6 Qd7 14. Nxe7+
Qxe7 15. Ba3 c5 16. e4 Na5 17. e5 Qe8 18. Qxe8 Rfxe8 19. exd6 Nxc4 20. dxc5
Nxa3 21. c6 Red8 22. Rfd1 Nb5 23. d7 Kf8 24. Rd3 Nc7 25. Rad1 b5 26. f4 Rab8
27. Rd6 Ke7 28. Kf2 Rb6 29. Ke3 Ra6 30. R1d2 Rxa2 31. Rxe6+ fxe6 32. Rxa2 Kd6
0-1

[Event "20ème Open de Saint-Affrique"]
[Site "Saint Affrique (11)"]
[Date "2012.07.28"]
[Round "9.1"]
[White "Hamdouchi, Hicham"]
[Black "Libiszewski, Fabien"]
[Result "1/2-1/2"]
[WhiteElo "2627"]
[BlackElo "2505"]
[PlyCount "34"]
[EventDate "2012.??.??"]

1. c4 Nf6 2. Nc3 g6 3. e4 d6 4. Nge2 Bg7 5. g3 O-O 6. Bg2 c5 7. O-O Nc6 8. h3
Ne8 9. a3 Nc7 10. Rb1 a5 11. d3 Rb8 12. Be3 b5 13. cxb5 Nxb5 14. Nxb5 Rxb5 15.
d4 cxd4 16. Nxd4 Nxd4 17. Bxd4 Bxd4 1/2-1/2

[Event "20ème Open de Saint-Affrique"]
[Site "Saint Affrique (11)"]
[Date "2012.07.28"]
[Round "9.2"]
[White "Riff, Jean-Noel"]
[Black "Flear, Glenn C"]
[Result "1/2-1/2"]
[WhiteElo "2500"]
[BlackElo "2476"]
[PlyCount "29"]
[EventDate "2012.??.??"]

1. e4 e5 2. Nf3 Nc6 3. Bb5 a6 4. Ba4 Nf6 5. O-O b5 6. Bb3 Bb7 7. d3 Bd6 8. a3
h6 9. Nc3 O-O 10. Bd2 Re8 11. Nd5 Nxd5 12. Bxd5 Rb8 13. h3 Qf6 14. Nh2 Nd4 15.
Bxb7 1/2-1/2

[Event "20ème Open de Saint-Affrique"]
[Site "Saint Affrique (11)"]
[Date "2012.07.28"]
[Round "9.3"]
[White "Mullon, Jean-Baptiste"]
[Black "Karpatchev, Aleksandr"]
[Result "1-0"]
[WhiteElo "2404"]
[BlackElo "2431"]
[PlyCount "47"]
[EventDate "2012.??.??"]

1. e4 e5 2. Nf3 Nc6 3. Bb5 a6 4. Ba4 Nge7 5. Nc3 d6 6. a3 Bd7 7. Bb3 h6 8. d4
Bg4 9. h3 Bd7 10. Be3 Ng6 11. Qd2 Nh4 12. Nxh4 exd4 13. Bxd4 Qxh4 14. O-O-O Be6
15. Nd5 Bxd5 16. Bxd5 Nxd4 17. Qxd4 c6 18. Bb3 O-O-O 19. Kb1 f6 20. Rd3 Kc7 21.
Be6 Qf4 22. Rb3 c5 23. Qa4 Be7 24. Qa5+ 1-0

[Event "20ème Open de Saint-Affrique"]
[Site "Saint Affrique (11)"]
[Date "2012.07.28"]
[Round "9.15"]
[White "Congiu, Mathilde"]
[Black "Mania, Clement"]
[Result "1-0"]
[WhiteElo "2216"]
[BlackElo "2137"]
[PlyCount "85"]
[EventDate "2012.??.??"]

1. e4 g6 2. d4 Bg7 3. Nc3 d6 4. Be3 a6 5. a4 b6 6. f4 e6 7. Nf3 Ne7 8. Bd3 O-O
9. O-O c5 10. Ne2 Nbc6 11. c3 f5 12. e5 Nd5 13. Qd2 cxd4 14. Nexd4 Qc7 15. Nxc6
Qxc6 16. exd6 Qxd6 17. Bc4 Bb7 18. Bxd5 exd5 19. Bd4 Bh6 20. Be5 Qd7 21. Qf2
Bc6 22. Rfe1 Rae8 23. Qxb6 d4 24. Qxd4 Qb7 25. Qf2 Be4 26. b4 Rf7 27. Nd2 Qd5
28. c4 Qd3 29. Re3 Qd7 30. Nb3 g5 31. Nc5 Qc6 32. Rd1 Qg6 33. Rd6 Qh5 34. Rh3
Qg4 35. Rhxh6 gxf4 36. h3 Qg5 37. Bxf4 Qg7 38. Qg3 Bxg2 39. Qxg2 Re1+ 40. Kh2
Rfe7 41. Qxg7+ Rxg7 42. Rd8+ Kf7 43. Rd7+ 1-0